Clubs to Play at the New Wembley Stadium Quiz Stats

 Plays Quiz not verified by Sporcle

Score 0/120 Timer 10:00
0 Plays Today
Current League Club % Correct
Premier LeagueManchester United
100%
Premier LeagueTottenham
98.1%
Premier LeagueChelsea
98.1%
Premier LeagueArsenal
98.1%
Premier LeagueManchester City
97.5%
Premier LeagueLiverpool
95.1%
Premier LeagueEverton
92.6%
League OneSunderland
86.4%
Premier LeagueWest Ham
85.8%
League OnePortsmouth
85.2%
ChampionshipAston Villa
85.2%
Premier LeagueSouthampton
84%
Premier LeagueNewcastle United
84%
Premier LeagueCrystal Palace
83.3%
Premier LeagueLeicester City
83.3%
Premier LeagueFulham
82.7%
Premier LeagueWatford
80.9%
Premier LeagueCardiff City
80.2%
Premier LeagueHuddersfield Town
80.2%
ChampionshipLeeds United
79.6%
ChampionshipSwansea City
78.4%
Premier LeagueBrighton and Hove Albion
77.8%
BundesligaBorussia Dortmund
77.2%
Premier LeagueWolverhampton Wanderers
77.2%
Premier LeagueBurnley
75.9%
ChampionshipNorwich City
74.7%
ChampionshipWest Bromwich Albion
74.1%
ChampionshipDerby County
73.5%
La LigaBarcelona
73.5%
ChampionshipQueens Park Rangers
72.8%
Premier LeagueBournemouth
72.2%
ChampionshipWigan Athletic
71%
ChampionshipStoke City
70.4%
ChampionshipHull City
69.8%
ChampionshipMiddlesbrough
69.8%
ChampionshipSheffield Wednesday
69.8%
ChampionshipSheffield United
69.1%
ChampionshipBirmingham City
69.1%
La LigaReal Madrid
69.1%
League OneBlackpool
67.3%
Current League Club % Correct
BundesligaBayern Munich
67.3%
ChampionshipBolton Wanderers
67.3%
Serie AJuventus
66.7%
EredivisiePSV Eindhoven
61.7%
ChampionshipMillwall
61.1%
ChampionshipReading
60.5%
League OneBradford City
58.6%
ChampionshipPreston North End
57.4%
ChampionshipBristol City
56.8%
Serie AInter Milan
55.6%
League OneBarnsley
53.7%
League OneAFC Wimbledon
52.5%
ChampionshipRotherham United
51.2%
League OnePlymouth Argyle
51.2%
League OneBristol Rovers
50%
League OneLuton Town
50%
League OneOxford United
48.8%
League TwoExeter City
46.3%
League OneDoncaster Rovers
46.3%
Russian Premier LeagueCSKA Moscow
46.3%
League TwoTranmere Rovers
45.7%
League TwoMK Dons
44.4%
League TwoYeovil Town
42.6%
League OneCoventry City
41.4%
League TwoLincoln City
41.4%
National LeagueWrexham
40.7%
ChampionshipBrentford
40.7%
League OneBurton Albion
40.1%
League OneSouthend United
39.5%
League OneGillingham
39.5%
League TwoSwindon Town
38.9%
Ligue 1AS Monaco
38.9%
League TwoCarlisle United
37.7%
National LeagueLeyton Orient
37.7%
League TwoGrimsby Town
36.4%
National League NorthYork City
35.8%
League TwoCambridge United
35.2%
League OneWycombe Wanderers
35.2%
League OneWalsall
35.2%
National LeagueChesterfield
33.3%
Current League Club % Correct
National League SouthTorquay United
33.3%
League OnePeterborough United
30.9%
BundesligaBayer Leverkusen
30.2%
League TwoMacclesfield Town
28.4%
Jupiter Pro LeagueGent
27.2%
League OneShrewsbury Town
26.5%
League OneRochdale
26.5%
League TwoCrewe Alexandra
25.3%
League OneScunthorpe United
23.5%
National League NorthStockport County
22.2%
League TwoStevenage
21.6%
League TwoMansfield Town
19.8%
National LeagueHalifax Town
19.8%
National League NorthDarlington
19.1%
League TwoForest Green Rovers
17.9%
National League NorthKidderminster Harriers
16.7%
National LeagueDagenham and Redbridge
16%
National LeagueGateshead
15.4%
Cypriot First DivisionAPOEL
14.8%
National League NorthHereford
13.6%
National LeagueBarrow
9.3%
National LeagueEbbsfleet United
7.4%
National LeagueBromley
7.4%
Northern Premier LeagueSouth Shields
6.8%
National LeagueBoreham Wood
6.2%
Northern Premier LeagueNorth Ferriby United
5.6%
Northern League Division OneNorth Shields
4.3%
National League NorthBrackley Town
4.3%
Northern Premier League Division One EastMorpeth Town
3.7%
Northern League Division OneWhitley Bay
3.1%
Northern League Division OneStockton Town
3.1%
Southern Premier League Division SouthGosport Borough
2.5%
Northern Premier League Division One WestGlossop North End
1.9%
Northern League Division OneWest Auckland Town
1.9%
Southern Premier Division CentralCoalville Town
1.9%
Northern League Division OneDunston UTS
1.9%
Wessex League Premier DivisionSholing
0.6%
Northern Premier League Division One EastCleethorpes Town
0.6%
Eastern Counties LeagueWroxham
0%
Southern League Division One SouthThatcham Town
0%

You're not logged in!

Compare scores with friends on all Sporcle quizzes.
OR
Log In

Show Comments

Extras

Top Quizzes Today


Score Distribution

Your Account Isn't Verified!

In order to create a playlist on Sporcle, you need to verify the email address you used during registration. Go to your Sporcle Settings to finish the process.

Report this User

Report this user for behavior that violates our Community Guidelines.

Details: